000 01008nam a2200265 i 4500
001 000005591
003 DO-SdBNP
005 20240528191003.0
007 ta
008 090820s2006 000 spa d
040 _aDO-SdBNP
_bspa
_cBNPHU
_erda
082 4 _222
245 0 0 _aInforme sobre la pobreza en la República Dominicana : logrando un crecimiento económico que beneficie a los pobre :
_bresumen ejecutivo.
264 _aSanto Domingo :
_bBanco Interamericano de Reconstrucción y Fomento;
_bBanco Mundial,
_c2006.
300 _a29 páginas :
_bilustraciones, gráfficos ;
_c32 cm.
336 _2rdacontent
_atexto
_btxt
337 _2rdamedia
_asin mediación
_bn
338 _2rdacarrier
_avolumen
_bnc
500 _aDocumento del Banco Mundial y del Banco Interamericano de Desarrollo
590 _aInventariado, 2023/BT
710 2 _aBanco Internacional de Reconstrucción y Fomento
_915783
710 2 _aBanco Interamericano de Desarrollo
_99655
910 _aBtavárez
942 _2ddc
_cLF2
999 _c5390
_d5390